Decrescendo - LOMEPAL - Statistiques

Statistiques générales
  • Ce quiz a été pris 579 fois
  • Le résultat moyen est 278 sur 346
Statistiques - réponses
Hint Réponse % Correct
de
97%
Couplet Je
96%
je
96%
le
96%
à
95%
et
95%
Et
95%
Ma
95%
ma
95%
qui
93%
decrescendo
92%
la
92%
me
92%
mon
92%
Refrain Mon
92%
que
92%
sa
92%
qu'il
91%
ressente
91%
Tout
91%
tout
91%
veux
91%
ce
90%
dieu
90%
Dieu
90%
manque
90%
moi
90%
Oh
90%
oh
90%
qu'elle
90%
Quelle
90%
quelle
90%
les
89%
en
88%
pas
88%
c'est
86%
d'autre
86%
plus
86%
Plus
86%
quelqu'un
86%
voir
86%
au
84%
elle
84%
jusqu'à
84%
Jusqu'à
84%
sang
84%
va
84%
faute
83%
tâché
83%
avoir
82%
bientôt
82%
Bientôt
82%
des
82%
j'irai
82%
on
82%
pull
82%
s'éteint
82%
un
82%
est
81%
moins
81%
sanglots
81%
suis
81%
ensemble
80%
j'suis
80%
passer
80%
rien
80%
Il
79%
Terre
79%
chez
78%
mains
78%
prochains
78%
s'arrêtera
78%
avec
77%
comme
77%
couteau
77%
italien
77%
mois
77%
sans
77%
sur
77%
sûr
77%
bave
76%
peau
76%
peinture
76%
prisonnier
76%
balance
75%
J'me
75%
j'me
75%
kilos
75%
marteau
75%
m'occuper
75%
M'occuper
75%
parlerai
75%
seront
75%
trop
75%
affichera
74%
Ah
74%
créatif
74%
garde
74%
jamais
74%
j'vais
74%
malheureux
74%
soleil
74%
graver
73%
mort
73%
Sculpture
73%
secret
73%
senti
73%
autant
72%
désolé
72%
dix
72%
j'aurai
72%
jl'e
72%
pour
72%
aucun
71%
moches
71%
colère
70%
si
70%
du
69%
Demain
68%
fin
68%
Increvable
68%
deuil
67%
nuit
67%
perdre
67%
faire
66%
resté
66%
reste
66%
sais
66%
aiguilles
65%
ironie
65%
l'horloge
65%
enfin
64%
Mais
64%
marchait
64%
monde
64%
C'était
63%
fille
63%
demande
62%
fixer
62%
ça
61%
cette
61%
mes
61%
c'que
60%
joue
60%
mélodies
60%
m'manque
60%
ouais
60%
pires
60%
seule
59%
disque
58%
m'aider
58%
une
58%
étincelles
55%
Juste
55%
pourrait
55%
font
54%
mémoire
54%
molaires
54%
sens
52%
Dans
51%
d'éjecter
51%
éperdument
51%
perdu
51%
drogue
49%
J'essaye
49%
l'ai
49%
maintenant
49%
silence
49%
t'dire
49%
repart
47%
tellement
47%
n'saurais
46%
bruit
45%
désirée
42%
J'déraille
41%
recherche
41%
j'minterviewe
37%
Okay
33%
J'ai
32%
Aucun quiz correspondant
Distribution des résultats
% des personnes avec chaque résultat
Percentile par nombre de réponses
Votre historique - résultats
Vous n’avez pas pris ce quiz